MDQL
is popping MORE tags! Check the
thread
!
Quizzes
Events
Quiz Creation
Community
Videos
Private Events
Remove Ads
Sign In
Join for FREE
Feedback
Dark Mode
Quiz Categories
Sports
Geography
Music
Movies
Television
Just For Fun
Miscellaneous
History
Literature
Language
Science
Gaming
Entertainment
Religion
Holiday
For Kids
Quiz Lab
Recent
Popular Today
Quiz Kudos Today
Editor Picks
Curator Picks
Quizzes by...
Day
Popularity
Type
Ratings
Length
Year
Community
Subscriptions
Recent Discussions
Orange Saloon
Badges
Playlists
Quests
Create
Leaderboards
Showdown
Live 5
Trivia Bingo
Activity
Puzzle Library
Sporcle Events
Private Events
Virtual Trivia
Globe League
Become a Host
Pub Owners
SporcleCon
Opinionation
Our Games
Videos
Blog
Mobile Apps
Partnerships
Remove Ads and Go Orange
Feedback
Movies
Disney
Marvel Cinematic Universe
Movie Resume
Movie Titles
Oscar
Actor
Actress
Director
Pixar
Role
Movie Quotes
Movie Characters
Box Office
Nominee
Best Picture
Star Wars
James Bond
Horror Movies
Movies
Disney
Marvel Cinematic Universe
Movie Resume
Movie Titles
Oscar
Actor
Actress
Director
Pixar
Role
Movie Quotes
Movie Characters
Box Office
Nominee
Best Picture
Star Wars
James Bond
Horror Movies
Random Quiz
Search Sporcle
×
Quiz Lab
Quiz Lab
Movies
Ryan
Type in answers that appear in a list
Type in answers that appear in a list
Classic
Best Score? Go Orange.
Ryan Phillippe Movies Stats
Can you name the Ryan Phillippe Movies?
By
asmit7
8m
23 Questions
114 Plays
114 Plays
114 Plays
Comments
Comments
Give Quiz Kudos
Give Quiz Kudos
-
- Ratings
hide this ad
Replay
Link that replays current quiz
Next Quiz
Link to next quiz in quiz playlist
You Got
0%
They Got
Avg Score
31%
Avg Friend Score
Upgrade to see
Score Distribution
Jump to the score distribution portion of the page
Score
0/23
Timer
08:00
0
Plays Today
Character
Movie
% Correct
Sebastian Valmont
Cruel Intentions
96.5%
Barry William Cox
I Know What You Did Last Summer
58.8%
Officer Tom Hansen
Crash
57.9%
SSgt. Brandon King
Stop Loss
53.5%
Shane O'Shea
54
44.7%
Milo Hoffman
Antitrust
41.2%
Eric O'Neill
Breach
37.7%
Gil Martin
White Squall
35.1%
Mr Parker
Way of the Gun
33.3%
Henry Denton
Gosford Park
33.3%
John 'Doc' Bradley
Flags of Our Fathers
33.3%
Jimmy West
Little Boy Blue
29.8%
Character
Movie
% Correct
Kennan
Playing By Heart
28.1%
Oliver
Igby Goes Down
22.8%
Seaman Grattam
Crimson Tide
20.2%
Harlan Dykstra
Homegrown
20.2%
Detective Shane Dekker
Chaos
19.3%
Martijn
Five Fingers
16.7%
Simon Cable
The I Inside
14%
Jonathon Preest
Franklyn
12.3%
Petrov
Company Man
6.1%
Private Ryan
Invader
4.4%
Shad
Nowehere
0.9%
Quiz Playlist
Details
Report
Send in Message
Add To Playlist
Classic:
Type in answers that appear in a list
Last Updated: Feb 16, 2017
Quiz Scoreboard
CHALLENGE
Sign Up to Join the Scoreboard
Show All
Scores
Hide
Comments
May contain spoilers
Recently Published
5x2 Blitz: Bands
by SL_Kpop136
Music
30s
Colored Red Africa Blitz
by spor1
Geography
30s
Find the 'City' Movie
by crazypaving
Movies
60s
More to Explore
Quiz From the Vault
Featured Blog Post
14 Easter Pick-up Lines to Find Eggs With
hide this ad
You Might Also Like...
Tags
Character
Ryan
Ryan Phillippe
Today's Top Quizzes in Movies
Browse Movies
hide this ad
Today's Top Quizzes in Ryan
Browse Ryan
Top Contributed Quizzes in Movies
1
Find The 'Big' Movie
2
Find The 'Wild' Movie
3
Find The 'Blue' Movie
4
Movies By Plot
5
Hidden Star Wars Character II
6
Hidden Star Wars Character III
7
Pick 5 Posters: Directed by Spielberg
8
Hidden Star Wars Character IV
9
Alfred Hitchcock Movies by Plot
10
Hidden Star Wars Character V
Explore More
Trending Topics
Anime
Disney
NBA
Marvel
Crossword
Kpop
Harry Potter
WWE
Country
The Office
Song
Pokémon
NFL
Soccer
Puzzle
hide this ad
More By:
asmit7
Quiz
Plays
Rating
Category
Featured
Created
Jared Leto Films
440
5.00
Movies
Dec 22, 2009
Ethan Hawke Films
411
2.17
Movies
Dec 22, 2009
Ryan Phillippe Movies
114
Movies
Dec 23, 2009
Stephen Dorff Films
27
Movies
Dec 22, 2009
Go to Creator's Profile
Score Distribution
Quiz Creator Spotlight
asmit7
Follow
Send a Message
Quizzes Created
-
Created Quiz Play Count
-
More By This Creator
Popular Quizzes Today
1
Colored Red Africa Blitz
2
Find the 'City' Movie
3
Find the US States - No Outlines Minefield
4
5x2 Blitz: Bands
5
The Countries of the World
6
Find the US States
7
US States
8
9x9 Crossword: Cartoon Network
More Movies Quizzes
Best Picture Nominee Directors (2001-2011)
Published
Trending Quizzes
Colored Red Europe Blitz I
Colored Red Europe Blitz II
Colored Red Africa Blitz II
Colored Red Europe Blitz III
Colored Red Africa Blitz III
Recently Updated
How Do You Spell That?
pecheneg
Godzilla Movies
pecheneg
Grab Bag: 4-10 Letters
pecheneg
2024 March Madness Bracket
pecheneg
Famous TV Couples
Peacemaker
Champions League XIs: Real Madrid
pecheneg
Largest US Cities 1790-2010
pecheneg
Rides in Walt Disney World
pecheneg
Most Oscar Losses (Acting)
pecheneg
Beyoncé Albums
pecheneg
Trending Topics
Marvel
Disney
Anime
Kpop
NBA
Harry Potter
Crossword
Pokémon
WWE
Soccer
Song
The Office
Country
Puzzle
NFL
Your Account Isn't Verified!
In order to create a playlist on Sporcle, you need to verify the email address you used during registration. Go to your
Sporcle Settings
to finish the process.
Report this User
Report this user for behavior that violates our
Community Guidelines
.
Details:
Send Report
Go to the Sporcle.com Mobile Site →
Comments